<?xml version="1.0" encoding="UTF-8"?>
<record
    xmlns:xsi="http://www.w3.org/2001/XMLSchema-instance"
    xsi:schemaLocation="http://www.loc.gov/MARC21/slim http://www.loc.gov/standards/marcxml/schema/MARC21slim.xsd"
    xmlns="http://www.loc.gov/MARC21/slim">

  <leader>01288nam a22002297a 4500</leader>
  <controlfield tag="003">OSt</controlfield>
  <controlfield tag="005">20210320105127.0</controlfield>
  <controlfield tag="008">210320s2016    ck a|||gr|||| 00| 0 spa d</controlfield>
  <datafield tag="020" ind1=" " ind2=" ">
    <subfield code="a">9789585876491</subfield>
  </datafield>
  <datafield tag="040" ind1=" " ind2=" ">
    <subfield code="a">CO-JMCR</subfield>
    <subfield code="c">CO-JMCR</subfield>
  </datafield>
  <datafield tag="041" ind1="0" ind2=" ">
    <subfield code="a">spa</subfield>
  </datafield>
  <datafield tag="082" ind1="0" ind2="4">
    <subfield code="b">363.34609861 / </subfield>
    <subfield code="a">P964c</subfield>
    <subfield code="2">23</subfield>
  </datafield>
  <datafield tag="110" ind1="1" ind2=" ">
    <subfield code="a">Colombia. </subfield>
    <subfield code="b">Procuradur&#xED;a General de la Naci&#xF3;n</subfield>
    <subfield code="9">36379</subfield>
  </datafield>
  <datafield tag="245" ind1="1" ind2="0">
    <subfield code="a">Construyendo territorios seguros: </subfield>
    <subfield code="b">la gesti&#xF3;n del riesgo de desastres / </subfield>
    <subfield code="c">Procuradur&#xED;a General de la Naci&#xF3;n</subfield>
  </datafield>
  <datafield tag="260" ind1=" " ind2=" ">
    <subfield code="a">[Bogot&#xE1;] : </subfield>
    <subfield code="b">Procuradur&#xED;a General de la Naci&#xF3;n, </subfield>
    <subfield code="c">2016</subfield>
  </datafield>
  <datafield tag="300" ind1=" " ind2=" ">
    <subfield code="a">44,48 p&#xE1;ginas : </subfield>
    <subfield code="b">ilustraciones a color ; </subfield>
    <subfield code="c">27 cm.</subfield>
  </datafield>
  <datafield tag="501" ind1=" " ind2=" ">
    <subfield code="a">Con: El servicio p&#xFA;blico esencial de bomberos en Colombia</subfield>
  </datafield>
  <datafield tag="505" ind1="0" ind2=" ">
    <subfield code="a">&#xBF;En qu&#xE9; consiste la gesti&#xF3;n del riesgo  de desastres? -- &#xBF;C&#xF3;mo se organiza la gesti&#xF3;n del riesgo en el pa&#xED;s? -- El sistema de gesti&#xF3;n del riesgo de desastres en las entidades territoriales -- Planes territoriales de gesti&#xF3;n del riesgo de desastres -- Fondos territoriales de gesti&#xF3;n del riesgo de desastres -- &#xBF;Qui&#xE9;n es el encargado de la gesti&#xF3;n del riesgo de desastres en las entidades territoriales -- &#xBF;Qu&#xE9; hacer si ocurre un desastre?</subfield>
  </datafield>
  <datafield tag="650" ind1="1" ind2="4">
    <subfield code="a">Gesti&#xF3;n de emergencias</subfield>
    <subfield code="z">Colombia</subfield>
    <subfield code="9">13000</subfield>
  </datafield>
  <datafield tag="650" ind1="1" ind2="4">
    <subfield code="a">Bomberos</subfield>
    <subfield code="z">Colombia</subfield>
    <subfield code="9">36380</subfield>
  </datafield>
  <datafield tag="942" ind1=" " ind2=" ">
    <subfield code="2">ddc</subfield>
    <subfield code="c">BK</subfield>
  </datafield>
  <datafield tag="999" ind1=" " ind2=" ">
    <subfield code="c">15450</subfield>
    <subfield code="d">15450</subfield>
  </datafield>
  <datafield tag="952" ind1=" " ind2=" ">
    <subfield code="0">0</subfield>
    <subfield code="1">0</subfield>
    <subfield code="2">ddc</subfield>
    <subfield code="4">0</subfield>
    <subfield code="7">0</subfield>
    <subfield code="8">NFIC</subfield>
    <subfield code="a">CPL</subfield>
    <subfield code="b">CPL</subfield>
    <subfield code="d">2020-10-02</subfield>
    <subfield code="e">Donaci&#xF3;n</subfield>
    <subfield code="l">0</subfield>
    <subfield code="o">363.34609861 /  P964c</subfield>
    <subfield code="p">201810917</subfield>
    <subfield code="r">2024-05-16 00:00:00</subfield>
    <subfield code="t">Ej.1</subfield>
    <subfield code="w">2021-03-20</subfield>
    <subfield code="y">BK</subfield>
  </datafield>
</record>
